000 00729cam a2200157 4500
001 CD119434
008 020827n2002 000 0 eng u
035 _a(Sirsi) u119434
245 _aCompulsory purchase manual
260 _aStationery Office
_c2002
300 _aCD-Rom
520 _aCD-Rom which aims to provide advice on the steps that need to be taken in exercising powers for the compulsory acquisition of land and sets out good practice guidance on this process. It intends to help acquiring authorities and others navigate their way through the statutory procedures.
650 _aCD-ROM
690 _aENVIRONMENTAL AND LAND CONSULTANCY-PLANNING AND DEVELOPMENT-COMPULSORY PURCHASE AND COMPENSATION
942 _n0
999 _c102315
_d102315